000 00285nam a22001337a 4500
008 170602b xxu||||| |||| 00| 0 eng d
020 _a39432277
041 _aeng
080 _a94(6)
100 _a17
101 _ashh
245 _aA HISTORY OF AFRICA
_cFAGE, J.D
942 _2udc
_cBK
999 _c15602
_d15602